ბათუმის შოთა რუსთაველის სახელმწიფო უნივერსიტეტის ბიბლიოთეკა

Gendering the European Union : (ბიბ.ჩანაწერი № 53765)

000 -LEADER
fixed length control field 00880nam a2200253Ia 4500
001 - CONTROL NUMBER
control field 20814
003 - CONTROL NUMBER IDENTIFIER
control field GE_BSU
005 - DATE AND TIME OF LATEST TRANSACTION
control field 20221110135125.0
008 - FIXED-LENGTH DATA ELEMENTS--GENERAL INFORMATION
fixed length control field 181216s2015||||enk|||||||||||||| ||eng||
020 ## - INTERNATIONAL STANDARD BOOK NUMBER
International Standard Book Number 9781137545305x
040 ## - CATALOGING SOURCE
Transcribing agency GE_BSU
041 ## - LANGUAGE CODE
Language code of text/sound track or separate title eng
080 ## - UNIVERSAL DECIMAL CLASSIFICATION NUMBER
Universal Decimal Classification number 32 G-36
245 ## - TITLE STATEMENT
Title Gendering the European Union :
Remainder of title New Approaches to Old Democratic Deficits /
Statement of responsibility, etc. Edited by : Gabriele Abels and Joyce Marie Mushaben.
264 ## - PRODUCTION, PUBLICATION, DISTRIBUTION, MANUFACTURE, AND COPYRIGHT NOTICE
Place of production, publication, distribution, manufacture London :
Name of producer, publisher, distributor, manufacturer palgrave macmillan,
Date of production, publication, distribution, manufacture, or copyright notice 2015.
300 ## - PHYSICAL DESCRIPTION
Extent 279 p. ;
Dimensions 22 cm.
500 ## - GENERAL NOTE
General note bibl. : p.248-275; Index. : p.277-279
653 ## - INDEX TERM--UNCONTROLLED
keyword პოლიტიკა
653 ## - INDEX TERM--UNCONTROLLED
keyword ევროკავშირის გენდერირება
700 ## - ADDED ENTRY--PERSONAL NAME
Personal name Abels, Gabriele
Relator term რედაქტორი
9 (RLIN) 11321
700 ## - ADDED ENTRY--PERSONAL NAME
Personal name Mushaben, Joyce Marie
Relator term რედაქტორი
9 (RLIN) 11322
942 ## - ADDED ENTRY ELEMENTS (KOHA)
Koha item type წიგნი
Source of classification or shelving scheme
ეგზემპლარები
Withdrawn status Lost status Source of classification or shelving scheme Damaged status Not for loan Permanent Location Current Location Shelving location Date acquired Cost, normal purchase price Full call number Barcode Date last seen Copy number Price effective from Koha item type Public note
          ბათუმის შოთა რუსთაველის სახელმწიფო უნივერსიტეტის მთავარი ბიბლიოთეკა ბათუმის შოთა რუსთაველის სახელმწიფო უნივერსიტეტის მთავარი ბიბლიოთეკა წიგნსაცავი 2018-12-17 111.00 32 G-36 54174 2018-12-17 54174 2018-12-17 წიგნი 111.00 GEL.
          ბათუმის შოთა რუსთაველის სახელმწიფო უნივერსიტეტის მთავარი ბიბლიოთეკა ბათუმის შოთა რუსთაველის სახელმწიფო უნივერსიტეტის მთავარი ბიბლიოთეკა წიგნსაცავი 2018-12-17 111.00 32 G-36 54175 2018-12-17 54175 2018-12-17 წიგნი 111.00 GEL.